[Event "POL-chT U18"]
[Site "Poland"]
[Date "1996.??.??"]
[Round "?"]
[White "Heise, Marek"]
[Black "Nurkiewicz, Maciej"]
[Result "1/2-1/2"]
[WhiteElo "2090"]
[BlackElo "2275"]
[PlyCount "68"]
[EventDate "1996.??.??"]
[EventType "team"]
[EventRounds "11"]
[EventCountry "POL"]
[SourceTitle "EXT 1999"]
[Source "ChessBase"]
[SourceDate "1998.11.16"]
[SourceVersion "1"]
[SourceVersionDate "1998.11.16"]
[SourceQuality "1"]

1. e4 c5 2. Nf3 d6 3. d4 cxd4 4. Nxd4 Nf6 5. Nc3 e6 6. g4 h6 7. h4 Nc6 8. g5 hxg5 9. Bxg5 a6 10. Qd2 Bd7 11. 0-0-0 Be7 12. Rg1 b5 13. a3 Rc8 14. f4 b4 15. axb4 Nxb4 16. e5 dxe5 17. fxe5 Rxc3 18. exf6 gxf6 19. bxc3 Na2+ 20. Kb2 Qa5 21. Nb3 Qa3+ 22. Kb1 fxg5 23. Qxd7+ Kf8 24. Qc7 Rxh4 25. Rd4 Rh2 26. Bd3 Bf6 27. Qd6+ Qxd6 28. Rxd6 Nxc3+ 29. Kc1 a5 30. Ra6 a4 31. Nd2 Bd4 32. Re1 Na2+ 33. Kd1 Nc3+ 34. Kc1 Na2+ 1/2-1/2

[Event "POL-chT2 U18"]
[Site "Augustow"]
[Date "1996.??.??"]
[Round "?"]
[White "Heise, Marek"]
[Black "Suchan, Rafal"]
[Result "1-0"]
[WhiteElo "2075"]
[BlackElo "2250"]
[PlyCount "95"]
[EventDate "1996.??.??"]
[EventType "team"]
[EventRounds "10"]
[EventCountry "POL"]
[SourceTitle "EXT 2003"]
[Source "ChessBase"]
[SourceDate "2002.11.25"]
[SourceVersion "1"]
[SourceVersionDate "2002.11.25"]
[SourceQuality "1"]

1. e4 c5 2. Nf3 e6 3. d4 cxd4 4. Nxd4 Nf6 5. Nc3 d6 6. g4 e5 7. Bb5+ Bd7 8. Bxd7+ Qxd7 9. Nf5 h5 10. f3 hxg4 11. fxg4 Rh3 12. Qe2 Qc6 13. Ng3 Na6 14. Bg5 Nd7 15. 0-0-0 Nac5 16. Rhf1 Ne6 17. Be3 Ndc5 18. Kb1 f6 19. Rf2 0-0-0 20. Qc4 Nc7 21. Rfd2 N5e6 22. Qf1 Rh4 23. Qf5 Qd7 24. Bxa7 Nf4 25. Na4 Na8 26. Nb6+ Nxb6 27. Bxb6 Re8 28. Qxd7+ Kxd7 29. Nf5 Rxg4 30. Nxd6 Re6 31. Nc4+ Kc6 32. a4 Bc5 33. a5 Bxb6 34. axb6 Kb5 35. b3 Rc6 36. Kb2 Rxc4 37. bxc4+ Kxb6 38. Kb3 Rh4 39. Kb4 g5 40. Rd6+ Kc7 41. Rd7+ Kc8 42. Rd8+ Kc7 43. R1d7+ Kc6 44. Rd6+ Kc7 45. R8d7+ Kc8 46. Kb5 Rh8 47. Kb6 Ne6 48. Rxb7 1-0

[Event "POL-chT U18"]
[Site "Poland"]
[Date "1996.??.??"]
[Round "?"]
[White "Lewandowski, Rafal"]
[Black "Heise, Marek"]
[Result "1/2-1/2"]
[WhiteElo "2135"]
[BlackElo "2090"]
[PlyCount "36"]
[EventDate "1996.??.??"]
[EventType "team"]
[EventRounds "11"]
[EventCountry "POL"]
[SourceTitle "EXT 1999"]
[Source "ChessBase"]
[SourceDate "1998.11.16"]
[SourceVersion "1"]
[SourceVersionDate "1998.11.16"]
[SourceQuality "1"]

1. e4 e5 2. Nf3 Nc6 3. Bb5 a6 4. Bxc6 dxc6 5. 0-0 f6 6. d4 Bg4 7. dxe5 Qxd1 8. Rxd1 fxe5 9. Rd3 Bxf3 10. Rxf3 Nf6 11. Nc3 Bb4 12. Bg5 Bxc3 13. Rxc3 Nxe4 14. Re3 Nxg5 15. Rxe5+ Kf7 16. Rxg5 Rhd8 17. Re5 Rd2 18. Rc1 Rad8 1/2-1/2

[Event "POL-chT2 U18"]
[Site "Augustow"]
[Date "1996.??.??"]
[Round "?"]
[White "Piter, Slawomir"]
[Black "Heise, Marek"]
[Result "1/2-1/2"]
[WhiteElo "2070"]
[BlackElo "2075"]
[PlyCount "35"]
[EventDate "1996.??.??"]
[EventType "team"]
[EventRounds "10"]
[EventCountry "POL"]
[SourceTitle "EXT 2003"]
[Source "ChessBase"]
[SourceDate "2002.11.25"]
[SourceVersion "1"]
[SourceVersionDate "2002.11.25"]
[SourceQuality "1"]

1. e4 c5 2. c3 d5 3. exd5 Qxd5 4. d4 Nf6 5. Nf3 a6 6. Be3 cxd4 7. cxd4 Nc6 8. Nc3 Qd6 9. Bc4 b5 10. Bb3 Bg4 11. 0-0 e6 12. Rc1 Be7 13. Bc2 0-0 14. Ne4 Qd5 15. Nc3 Qd7 16. Ne4 Qd5 17. Nc3 Qh5 18. Ne4 1/2-1/2

[Event "POL-chT2 U18"]
[Site "Augustow"]
[Date "1996.??.??"]
[Round "?"]
[White "Szelag, Marcin"]
[Black "Heise, Marek"]
[Result "1-0"]
[WhiteElo "2265"]
[BlackElo "2075"]
[PlyCount "77"]
[EventDate "1996.??.??"]
[EventType "team"]
[EventRounds "10"]
[EventCountry "POL"]
[SourceTitle "EXT 2003"]
[Source "ChessBase"]
[SourceDate "2002.11.25"]
[SourceVersion "1"]
[SourceVersionDate "2002.11.25"]
[SourceQuality "1"]

1. e4 c5 2. Nf3 Nc6 3. d4 cxd4 4. Nxd4 Nf6 5. Nc3 e5 6. Ndb5 d6 7. Bg5 a6 8. Na3 b5 9. Bxf6 gxf6 10. Nd5 Bg7 11. Bd3 Ne7 12. Nxe7 Qxe7 13. c3 f5 14. Nc2 Qb7 15. Qf3 0-0 16. Ne3 f4 17. Nd5 Be6 18. g4 Rfe8 19. Kf1 Rec8 20. a3 Rc5 21. Rd1 Rac8 22. Bc2 Kf8 23. Bb3 a5 24. h3 Qb8 25. Kg2 Bxd5 26. Bxd5 b4 27. axb4 axb4 28. c4 R8c7 29. Ra1 Ra7 30. g5 Kg8 31. Qg4 Rca5 32. h4 Qe8 33. h5 Kh8 34. Qf5 h6 35. Kf3 Qe7 36. gxh6 Bxh6 37. Bxf7 Ra8 38. Rhg1 Rf8 39. Qg6 1-0